000 00304nam a2200109Ia 4500
008 190216s9999||||xx |||||||||||||| ||und||
100 _a"Wood.H,Kanan.W,Bull.E"
245 0 _aFundamentals Of College Chemistry
260 _bHarper International Std
650 _aChemistry & Allied Sciences
942 _cBK
999 _c1939
_d1939